| 000 | 00890nam a22002537a 4500 | ||
|---|---|---|---|
| 005 | 20110311153646.0 | ||
| 008 | 110311t xxu||||| |||| 00| 0 eng d | ||
| 010 | _aENG-102113 | ||
| 020 |
_a9788184840766 _c1250.00 |
||
| 035 | _aEN-85646 | ||
| 037 | _bDBAD / PUB | ||
| 040 |
_adpl _bEng |
||
| 082 | _a347.54012 | ||
| 100 |
_926476 _aShukla,Mona |
||
| 245 |
_aIndian judiciary and good governance / _cby Mona Shukla |
||
| 260 |
_aNew Delhi _bRegal Publications _c2010 |
||
| 270 |
_aF-159, Rajouri Garden _bNew Delhi _e110027 |
||
| 300 |
_axviii, 338p. _c23cm (Hb) |
||
| 500 | _aIncludes bibliographical references and index | ||
| 650 | _926478 | ||
| 700 | _926477 | ||
| 942 |
_2ddc _cEN _mSHU _h347.54012 |
||
| 999 |
_c51025 _d51025 |
||